000 01037nam a2200241 a 4500
001 000013471
005 20200929163235.0
008 091125s1977 dr 000 0 spa d
040 _aDO-SdBNP
_bspa
_cBNPHU
082 _a347.013
_bC292t
100 1 _aCaro, Néstor
_928234
245 1 3 _aEl tribunal superior administrativo :
_bsu procedencia /
_cNéstor Caro, R. Romero Feliciano.
260 _aSanto Domingo :
_bTaller,
_c1977.
300 _a56 p. ;
_c24 cm.
500 _aIncluye datos biográficos de los autores en la contraportada.
505 0 _gPreámbulo --
_tLey no. 1494 que instituye la jurisdicción contencioso-administrativo --
_tFichas en la Jurisprudencia de lo contencioso-administrativo del Lic. Humberto Doucudray.
650 4 _aTribunales
_xDerecho y legislación
_930781
651 4 _aRepública Dominicana
_xTribunal Constitucional
_xLegislación
_930782
651 4 _aRepública Dominicana
_xLey 1494
_930783
700 1 _aRomero Feliciano, R
_930784
910 _aValidado. Control de calidad EMS
049 _aBNPD
999 _c13095
_d13095